LEADER 01930nam1 22002533i 450 001 VAN00107442 005 20240806100733.983 100 $a20170127d1709 |0itac50 ba 101 $afre 102 $aFR 140 $a||||||||| ||||||||| 200 1 $aHistoire de la ligue faite a Cambray, entre Jules 2. pape, Maximilien 1. empereur, Louis 12., roy de France, Ferdinand 5. roy d'Arragon, & tous les princes d'Italie, contre la Republique de Venise ... Tome premier [-second] 205 $aA Paris : chez Florentin Delaulne$bruë Saint Jacques à l'Empereur 210 $r2 volumi ; 12º 215 $aIl nome dell'Autore si ricava da: BN v. 42 col. 725 463 1$1001VAN00107443$12001 $aˆ<<‰Histoire de la ligue faite a Cambray, entre Jules 2. pape, Maximilien 1. empereur, Louis 12., roy de France, Ferdinand 5. roy d'Arragon, & tous les princes d'Italie, contre la Republique de Venise ... >> Tome premier$1205 $aA Paris : chez Florentin Delaulne$bruë Saint Jacques à l'Empereur$1210 $rXXI, [3]$d454, [2] p. ; 12º$1215 $aFregi xilografici$v1 463 1$1001VAN00107444$12001 $aˆ<<‰Histoire de la ligue faite a Cambray, entre Jules 2. pape, Maximilien 1. empereur, Louis 12., roy de France, Ferdinand 5. roy d'Arragon, & tous les princes d'Italie, contre la Republique de Venise ... >> Tome second$1205 $aA Paris : chez Florentin Delaulne$bruë Saint Jacques à l'Empereur$1210 $r[2]$d563, [1] p. ; 12º$1215 $aFregi xilografici$v2 620 $dParis$3VANL000046 700 1$aDu Bos$bJean Baptiste$f1670-1742$3VANV082930$0217952 712 02$aDelaulne, Florentin$3VANV082931 801 $aIT$bSOL$c20240906$gRICA 912 $aVAN00107442 996 $aHistoire de la ligue faite a Cambray, entre Jules 2. pape, Maximilien 1. empereur, Louis 12., roy de France, Ferdinand 5. roy d'Arragon, & tous les princes d'Italie, contre la Republique de Venise ... Tome premier$91407698 997 $aUNICAMPANIA